| 000 | 00353nam a22001217a 4500 | ||
|---|---|---|---|
| 999 |
_c2399 _d2399 |
||
| 005 | 20200914144950.0 | ||
| 008 | 200914b ||||| |||| 00| 0 eng d | ||
| 020 | _a0415043751 | ||
| 040 | _cCML | ||
| 245 |
_aPolish Paradoxes. _cGomulka, S & Polonsky, A. |
||
| 260 |
_aLondon _bRoutledge Publications _c1990 |
||
| 942 |
_2ddc _cBK _h943.8 _mGOM |
||